000 00367pab a2200145 454500
008 180718b1985 xxu||||| |||| 00| 0 eng d
100 _aNarayanswamy, Ramnath
245 _aTheory of pricing in socialist countries
260 _c1985
300 _a1532-4
362 _a7 Sept.
650 _aPrice Policy
773 _aEconomic and Political Weekly
909 _a16091
999 _c16091
_d16091